[Event "Prague Open 2022 - A IM Open"]
[Site "Olympik hotel, Prague"]
[Date "2022.01.14"]
[Round "9"]
[Board "15"]
[White "Macicek, Jakub"]
[Black "Grutter, Tim"]
[Result "0-1"]
[WhiteElo "2259"]
[BlackElo "2194"]
[PlyCount "0"]
[EventDate "2022.01.07"]
[EventRounds "9"]
[EventCountry "CZE"]

1. d4 {[%clk 1:30:57]} Nf6 {[%clk 1:30:49]} 2. c4 {[%clk 1:31:20]} g6
{[%clk 1:31:12]} 3. Nc3 {[%clk 1:31:38]} Bg7 {[%clk 1:31:27]} 4. e4
{[%clk 1:31:42]} d6 {[%clk 1:31:52]} 5. f3 {[%clk 1:31:47]} O-O {[%clk 1:32:03]}
6. Be3 {[%clk 1:32:11]} c5 {[%clk 1:31:50]} 7. Nge2 {[%clk 1:32:13]} Nc6
{[%clk 1:32:11]} 8. d5 {[%clk 1:31:46]} Ne5 {[%clk 1:32:36]} 9. Ng3
{[%clk 1:30:57]} e6 {[%clk 1:31:31]} 10. Be2 {[%clk 1:28:37]} exd5
{[%clk 1:28:13]} 11. cxd5 {[%clk 1:28:48]} Re8 {[%clk 1:23:42]} 12. O-O
{[%clk 1:25:33]} a6 {[%clk 1:17:50]} 13. a4 {[%clk 1:24:03]} Rb8 {[%clk 1:08:22]}
14. Qd2 {[%clk 1:15:33]} Qa5 {[%clk 1:00:24]} 15. Qc2 {[%clk 1:01:57]} h5
{[%clk 0:47:28]} 16. Nh1 {[%clk 0:58:08]} Nh7 {[%clk 0:46:07]} 17. Nf2
{[%clk 0:56:39]} g5 {[%clk 0:36:20]} 18. f4 {[%clk 0:42:32]} gxf4
{[%clk 0:35:36]} 19. Bxf4 {[%clk 0:42:56]} Qd8 {[%clk 0:35:44]} 20. Nfd1
{[%clk 0:35:47]} Ng6 {[%clk 0:30:15]} 21. Bg3 {[%clk 0:27:19]} h4
{[%clk 0:29:16]} 22. Bf2 {[%clk 0:27:39]} Qg5 {[%clk 0:27:53]} 23. Ne3
{[%clk 0:22:13]} Nf4 {[%clk 0:26:08]} 24. Kh1 {[%clk 0:22:26]} Bd4
{[%clk 0:25:03]} 25. Bf3 {[%clk 0:21:42]} b5 {[%clk 0:19:51]} 26. axb5
{[%clk 0:20:41]} axb5 {[%clk 0:20:14]} 27. Nf5 {[%clk 0:14:09]} Bxf2
{[%clk 0:19:04]} 28. Qxf2 {[%clk 0:11:34]} b4 {[%clk 0:17:34]} 29. Nxd6
{[%clk 0:10:47]} bxc3 {[%clk 0:17:03]} 30. Nxe8 {[%clk 0:11:10]} cxb2
{[%clk 0:17:15]} 31. Rab1 {[%clk 0:10:38]} Ba6 {[%clk 0:17:20]} 32. Rfd1
{[%clk 0:04:39]} Rxe8 {[%clk 0:16:31]} 33. Qxb2 {[%clk 0:04:48]} Be2
{[%clk 0:14:44]} 34. Rg1 {[%clk 0:04:53]} h3 {[%clk 0:14:42]} 35. Qc3
{[%clk 0:02:17]} Nd3 {[%clk 0:13:57]} 36. Rgf1 {[%clk 0:01:44]} Bxf3
{[%clk 0:13:54]} 37. gxf3 {[%clk 0:01:55]} Qg2#  0-1

[Event "Prague Open 2022 - A IM Open"]
[Site "Olympik hotel, Prague"]
[Date "2022.01.14"]
[Round "9"]
[Board "16"]
[White "Bomans, Arno"]
[Black "Schouten, Mathias Lind"]
[Result "1/2-1/2"]
[WhiteElo "2246"]
[BlackElo "2165"]
[PlyCount "0"]
[EventDate "2022.01.07"]
[EventRounds "9"]
[EventCountry "CZE"]

1. d4 {[%clk 1:30:56]} d5 {[%clk 1:30:54]} 2. c4 {[%clk 1:31:19]} e6
{[%clk 1:31:18]} 3. Nc3 {[%clk 1:31:41]} Nf6 {[%clk 1:31:44]} 4. cxd5
{[%clk 1:31:43]} exd5 {[%clk 1:32:09]} 5. Bg5 {[%clk 1:32:06]} c6
{[%clk 1:32:25]} 6. e3 {[%clk 1:32:16]} Be7 {[%clk 1:32:47]} 7. Qc2
{[%clk 1:31:48]} h6 {[%clk 1:33:06]} 8. Bf4 {[%clk 1:30:27]} O-O {[%clk 1:31:50]}
9. h3 {[%clk 1:29:44]} Bd6 {[%clk 1:29:44]} 10. Bxd6 {[%clk 1:28:49]} Qxd6
{[%clk 1:30:06]} 11. Bd3 {[%clk 1:28:02]} Re8 {[%clk 1:26:34]} 12. Nf3
{[%clk 1:27:57]} Nbd7 {[%clk 1:20:16]} 13. O-O-O {[%clk 1:27:12]} Qe7
{[%clk 1:15:09]} 14. Nd2 {[%clk 1:19:49]} b5 {[%clk 1:13:30]} 15. Kb1
{[%clk 1:19:28]} Nb6 {[%clk 1:12:53]} 16. Rhe1 {[%clk 1:10:45]} Nc4
{[%clk 1:06:55]} 17. Ka1 {[%clk 1:00:16]} Bd7 {[%clk 1:02:25]} 18. Nb3
{[%clk 0:59:26]} Nd6 {[%clk 0:48:12]} 19. Nc5 {[%clk 0:54:14]} Nde4
{[%clk 0:47:47]} 20. N3xe4 {[%clk 0:50:05]} dxe4 {[%clk 0:47:54]} 21. Bf1
{[%clk 0:49:05]} Bf5 {[%clk 0:47:30]} 22. Rc1 {[%clk 0:47:02]} Rac8
{[%clk 0:46:59]} 23. g4 {[%clk 0:41:32]} Bg6 {[%clk 0:47:18]} 24. Qd2
{[%clk 0:38:30]} Nd5 {[%clk 0:44:25]} 25. Rc2 {[%clk 0:38:49]} Qc7
{[%clk 0:35:25]} 26. Na6 {[%clk 0:33:52]} Qb6 {[%clk 0:33:11]} 27. Nb4
{[%clk 0:34:13]} Ne7 {[%clk 0:29:38]} 28. Rc5 {[%clk 0:30:25]} a5
{[%clk 0:28:12]} 29. Nc2 {[%clk 0:30:41]} Red8 {[%clk 0:27:04]} 30. Rd1
{[%clk 0:25:06]} Rd6 {[%clk 0:24:48]} 31. Ne1 {[%clk 0:20:36]} Rcd8
{[%clk 0:24:19]} 32. Rdc1 {[%clk 0:20:38]} Nd5 {[%clk 0:20:36]} 33. Qc2
{[%clk 0:15:47]} Re8 {[%clk 0:19:25]} 34. a3 {[%clk 0:12:19]} Ree6
{[%clk 0:19:38]} 35. Ng2 {[%clk 0:12:14]} Rf6 {[%clk 0:02:11]} 36. Nh4
{[%clk 0:12:34]} b4 {[%clk 0:01:04]} 37. Nxg6 {[%clk 0:11:21]} fxg6
{[%clk 0:01:30]} 38. Bg2 {[%clk 0:07:16]} b3 {[%clk 0:01:49]} 39. Qc4
{[%clk 0:05:46]} Rde6 {[%clk 0:01:12]} 40. Rf1 {[%clk 0:01:27]} Kh7
{[%clk 0:01:34]} 41. h4 {[%clk 0:27:40]} Rf7 {[%clk 0:22:59]} 42. g5
{[%clk 0:25:46]} Rf8 {[%clk 0:19:16]} 43. Kb1 {[%clk 0:24:35]} Rf7
{[%clk 0:19:14]} 44. Bh3 {[%clk 0:22:27]} Rd6 {[%clk 0:19:40]} 45. Bg4
{[%clk 0:22:27]} a4 {[%clk 0:16:46]} 46. Be2 {[%clk 0:19:49]} Ra7
{[%clk 0:17:12]} 47. Rc1 {[%clk 0:19:19]} Rf7 {[%clk 0:17:40]} 48. Rf1
{[%clk 0:10:29]} Ra7 {[%clk 0:18:05]} 49. Rc1 {[%clk 0:09:24]}  1/2-1/2

[Event "Prague Open 2022 - A IM Open"]
[Site "Olympik hotel, Prague"]
[Date "2022.01.14"]
[Round "9"]
[Board "17"]
[White "Nielsen, Andre"]
[Black "Oye-Stromberg, Alexander"]
[Result "1/2-1/2"]
[WhiteElo "2207"]
[BlackElo "2238"]
[PlyCount "0"]
[EventDate "2022.01.07"]
[EventRounds "9"]
[EventCountry "CZE"]

1. e4 {[%clk 1:30:55]} e5 {[%clk 1:30:34]} 2. Nf3 {[%clk 1:31:12]} Nc6
{[%clk 1:30:58]} 3. Bc4 {[%clk 1:31:28]} Nf6 {[%clk 1:30:35]} 4. d3
{[%clk 1:31:46]} h6 {[%clk 1:30:00]} 5. O-O {[%clk 1:25:06]} d6 {[%clk 1:29:33]}
6. c3 {[%clk 1:20:30]} g5 {[%clk 1:29:18]} 7. Nbd2 {[%clk 1:20:40]} Bg7
{[%clk 1:29:09]} 8. Bb3 {[%clk 1:19:53]} O-O {[%clk 1:28:43]} 9. Nc4
{[%clk 1:19:34]} Be6 {[%clk 1:27:22]} 10. Re1 {[%clk 1:15:53]} a5
{[%clk 1:25:02]} 11. Ne3 {[%clk 0:53:03]} d5 {[%clk 1:04:05]} 12. Qc2
{[%clk 0:46:50]} Qd7 {[%clk 0:59:40]} 13. Ba4 {[%clk 0:42:22]} Qd6
{[%clk 0:55:22]} 14. exd5 {[%clk 0:39:53]} Bxd5 {[%clk 0:49:36]} 15. Bxc6
{[%clk 0:32:29]} bxc6 {[%clk 0:44:10]} 16. Nf5 {[%clk 0:23:31]} Qd7
{[%clk 0:44:34]} 17. Nxg7 {[%clk 0:23:40]} Bxf3 {[%clk 0:44:53]} 18. gxf3
{[%clk 0:24:02]} Kxg7 {[%clk 0:44:12]} 19. Rxe5 {[%clk 0:24:18]} Rfe8
{[%clk 0:43:49]} 20. d4 {[%clk 0:23:13]} Qh3 {[%clk 0:42:54]} 21. Be3
{[%clk 0:16:33]} Qxf3 {[%clk 0:41:50]} 22. Qf5 {[%clk 0:16:47]} Qg4+
{[%clk 0:41:17]} 23. Qxg4 {[%clk 0:15:16]} Nxg4 {[%clk 0:41:43]} 24. Rc5
{[%clk 0:14:46]} Re6 {[%clk 0:23:58]} 25. Re1 {[%clk 0:13:04]} a4
{[%clk 0:19:39]} 26. d5 {[%clk 0:10:26]} cxd5 {[%clk 0:19:45]} 27. Bd4+
{[%clk 0:09:01]} Kg6 {[%clk 0:20:10]} 28. Rxe6+ {[%clk 0:09:22]} fxe6
{[%clk 0:20:35]} 29. Rxc7 {[%clk 0:08:42]} e5 {[%clk 0:18:27]} 30. h3
{[%clk 0:03:48]} exd4 {[%clk 0:17:32]} 31. hxg4 {[%clk 0:04:11]} d3
{[%clk 0:12:46]} 32. Rd7 {[%clk 0:03:09]} Ra5 {[%clk 0:09:04]} 33. Kf1
{[%clk 0:02:59]} Rb5 {[%clk 0:09:26]} 34. Ke1 {[%clk 0:01:18]} Rxb2
{[%clk 0:08:33]} 35. Rxd5 {[%clk 0:01:21]} Re2+ {[%clk 0:08:09]}  1/2-1/2

[Event "Prague Open 2022 - A IM Open"]
[Site "Olympik hotel, Prague"]
[Date "2022.01.14"]
[Round "9"]
[Board "18"]
[White "Shatil, Shir"]
[Black "Babula, Vlastimil"]
[Result "1-0"]
[WhiteElo "1977"]
[BlackElo "2227"]
[PlyCount "0"]
[EventDate "2022.01.07"]
[EventRounds "9"]
[EventCountry "CZE"]

1. d4 Nf6 2. c4 g6 3. Nc3 Bg7 4. e4 d6 5. Nf3 O-O 6. h3 e5 7. d5 a5 8. Bg5 Na6 9.
Be2 Qe8 10. Nd2 Nd7 11. a3 f6 12. Be3 f5 13. f3 Qe7 14. b4 Bh6 15. Bf2 Nf6 16. g4
Bd7 17. Rb1 Qf7 18. exf5 Kh8 19. fxg6 Qxg6 20. Nde4 Nxe4 21. Nxe4 Rf4 22. Qd3
Raf8 23. Bg3 R4f7 24. O-O Bf4 25. Kg2 Rg8 26. Qc3 Bxg3 27. Nxg3 Qg5 28. Bd3 Qh4
29. Be4 Rf4 30. Rh1 Rgf8 31. Rbf1 Rg8 32. Ne2 Rf7 33. Ng3 Rgg7 34. Rfg1 Rf4 35.
Kf2 Rgf7 36. Ke2 Rf8 37. Kd2 c6 38. Ne2 R4f7 39. f4 axb4 40. axb4 Re7 41. f5 cxd5
42. Bxd5 b5 43. Ra1 Nc7 44. Qg3 Qxg3 45. Nxg3 bxc4 46. Bxc4 d5 47. Ra7 Bc6 48.
Be2 d4 49. Rc1 Nd5 50. Rxe7 Nxe7 51. Rc5 e4 52. Re5 e3+ 53. Kd3 Rd8 54. Rxe7 Bb5+
55. Ke4 d3 56. Bxd3 Rxd3 57. Re5 Bc4 58. Rc5 Rc3 59. Kd4  1-0

[Event "Prague Open 2022 - A IM Open"]
[Site "Olympik hotel, Prague"]
[Date "2022.01.14"]
[Round "9"]
[Board "19"]
[White "Bochnicka, Vladimir"]
[Black "Soucek, Petr"]
[Result "1/2-1/2"]
[WhiteElo "2222"]
[BlackElo "2144"]
[PlyCount "0"]
[EventDate "2022.01.07"]
[EventRounds "9"]
[EventCountry "CZE"]

1. c4 {[%clk 1:30:58]} c5 {[%clk 1:30:52]} 2. Nc3 {[%clk 1:31:22]} Nc6
{[%clk 1:31:18]} 3. g3 {[%clk 1:31:34]} g6 {[%clk 1:31:42]} 4. Bg2
{[%clk 1:31:59]} Bg7 {[%clk 1:32:07]} 5. e4 {[%clk 1:31:41]} e5 {[%clk 1:31:59]}
6. Nge2 {[%clk 1:31:48]} Nge7 {[%clk 1:32:12]} 7. O-O {[%clk 1:31:44]} O-O
{[%clk 1:32:32]} 8. d3 {[%clk 1:30:28]} d6 {[%clk 1:32:56]} 9. Be3
{[%clk 1:28:35]} h6 {[%clk 1:26:44]} 10. Rb1 {[%clk 1:26:46]} Be6
{[%clk 1:24:58]} 11. Nd5 {[%clk 1:18:16]} Nd4 {[%clk 1:13:56]} 12. b4
{[%clk 1:15:42]} b6 {[%clk 1:13:52]} 13. h3 {[%clk 1:10:58]} Nxd5
{[%clk 1:11:20]} 14. cxd5 {[%clk 1:06:19]} Bd7 {[%clk 1:09:15]} 15. bxc5
{[%clk 1:01:30]} bxc5 {[%clk 1:09:16]} 16. Nxd4 {[%clk 0:53:04]} cxd4
{[%clk 1:07:44]} 17. Bd2 {[%clk 0:53:26]} Qc8 {[%clk 1:07:06]} 18. Qb3
{[%clk 0:52:07]} Qa6 {[%clk 0:35:09]} 19. Bb4 {[%clk 0:45:13]} Rfc8
{[%clk 0:30:32]} 20. Rfc1 {[%clk 0:37:54]} Bf8 {[%clk 0:29:48]} 21. Bf1
{[%clk 0:32:13]} Rab8 {[%clk 0:25:43]}  1/2-1/2

[Event "Prague Open 2022 - A IM Open"]
[Site "Olympik hotel, Prague"]
[Date "2022.01.14"]
[Round "9"]
[Board "20"]
[White "Novotny, Michal"]
[Black "Kudrytskyi, Stanislav"]
[Result "1-0"]
[WhiteElo "2243"]
[BlackElo "2057"]
[PlyCount "0"]
[EventDate "2022.01.07"]
[EventRounds "9"]
[EventCountry "CZE"]

1. e4 {[%clk 1:26:53]} d6 {[%clk 1:28:22]} 2. d4 {[%clk 1:26:08]} Nf6
{[%clk 1:28:46]} 3. Nc3 {[%clk 1:26:36]} e5 {[%clk 1:29:09]} 4. Nf3
{[%clk 1:26:57]} Nbd7 {[%clk 1:29:37]} 5. Bc4 {[%clk 1:27:17]} Be7
{[%clk 1:30:02]} 6. O-O {[%clk 1:27:30]} O-O {[%clk 1:30:27]} 7. Re1
{[%clk 1:27:48]} c6 {[%clk 1:30:53]} 8. a4 {[%clk 1:28:14]} b6 {[%clk 1:31:10]}
9. h3 {[%clk 1:27:25]} Bb7 {[%clk 1:31:25]} 10. Ba2 {[%clk 1:27:52]} Qc7
{[%clk 1:29:26]} 11. dxe5 {[%clk 1:22:21]} dxe5 {[%clk 1:29:08]} 12. Nh4
{[%clk 1:17:43]} Rfe8 {[%clk 1:22:26]} 13. Qf3 {[%clk 1:15:52]} Bf8
{[%clk 1:16:33]} 14. Nf5 {[%clk 1:15:07]} b5 {[%clk 1:08:53]} 15. Bg5
{[%clk 1:14:23]} b4 {[%clk 1:08:05]} 16. Ne2 {[%clk 1:02:49]} c5 {[%clk 1:06:13]}
17. Neg3 {[%clk 1:01:31]} c4 {[%clk 1:01:12]} 18. Rad1 {[%clk 0:46:43]} Re6
{[%clk 0:58:45]} 19. Ne3 {[%clk 0:44:41]} Rc6 {[%clk 0:50:16]} 20. Ngf5
{[%clk 0:42:18]} Re8 {[%clk 0:42:20]} 21. Bh4 {[%clk 0:32:59]} Nb6
{[%clk 0:38:06]} 22. a5 {[%clk 0:26:52]} Na4 {[%clk 0:36:26]} 23. Nxc4
{[%clk 0:20:25]} Rxc4 {[%clk 0:35:46]} 24. Bxf6 {[%clk 0:14:22]} Re6
{[%clk 0:27:02]} 25. Nh6+ {[%clk 0:13:05]} Kh8 {[%clk 0:26:59]} 26. Bd8
{[%clk 0:13:34]} Qc6 {[%clk 0:26:01]} 27. Qxf7 {[%clk 0:13:30]}  1-0

[Event "Prague Open 2022 - A IM Open"]
[Site "Olympik hotel, Prague"]
[Date "2022.01.14"]
[Round "9"]
[Board "21"]
[White "Azhar, Puteri Munajjah Az-Zahraa"]
[Black "Van Foreest, Machteld"]
[Result "1/2-1/2"]
[WhiteElo "2052"]
[BlackElo "2189"]
[PlyCount "0"]
[EventDate "2022.01.07"]
[EventRounds "9"]
[EventCountry "CZE"]

1. d4 {[%clk 1:30:57]} d5 {[%clk 1:20:27]} 2. c4 {[%clk 1:31:18]} c6
{[%clk 1:20:53]} 3. Nc3 {[%clk 1:31:32]} Nf6 {[%clk 1:21:19]} 4. Nf3
{[%clk 1:31:25]} e6 {[%clk 1:21:20]} 5. e3 {[%clk 1:30:56]} Bd6 {[%clk 1:20:17]}
6. Be2 {[%clk 1:30:36]} O-O {[%clk 1:20:31]} 7. Qc2 {[%clk 1:30:30]} Nbd7
{[%clk 1:11:17]} 8. O-O {[%clk 1:23:18]} b6 {[%clk 1:07:58]} 9. e4
{[%clk 1:19:34]} dxe4 {[%clk 1:07:11]} 10. Nxe4 {[%clk 1:19:57]} Be7
{[%clk 0:57:04]} 11. b3 {[%clk 1:06:35]} Nxe4 {[%clk 0:55:49]} 12. Qxe4
{[%clk 1:06:17]} Bb7 {[%clk 0:55:03]} 13. Rd1 {[%clk 1:04:22]} Nf6
{[%clk 0:55:00]} 14. Qc2 {[%clk 1:02:28]} Qc7 {[%clk 0:54:11]} 15. Bb2
{[%clk 0:48:54]} Rfd8 {[%clk 0:54:00]} 16. c5 {[%clk 0:45:26]} Nd5
{[%clk 0:53:10]} 17. Ne5 {[%clk 0:41:00]} Bf6 {[%clk 0:46:03]} 18. Bf3
{[%clk 0:39:35]} Rac8 {[%clk 0:42:22]} 19. a3 {[%clk 0:38:37]} bxc5
{[%clk 0:33:44]} 20. Qxc5 {[%clk 0:38:51]} Be7 {[%clk 0:34:06]} 21. Qc2
{[%clk 0:38:46]} c5 {[%clk 0:33:46]} 22. dxc5 {[%clk 0:38:32]} Bd6
{[%clk 0:21:39]} 23. Re1 {[%clk 0:25:40]} Bxc5 {[%clk 0:18:33]} 24. b4
{[%clk 0:14:41]} Bb6 {[%clk 0:18:54]} 25. Qxc7 {[%clk 0:15:02]} Rxc7
{[%clk 0:19:16]} 26. Rac1 {[%clk 0:14:50]} Rxc1 {[%clk 0:19:21]} 27. Bxc1
{[%clk 0:11:36]} Rc8 {[%clk 0:18:41]} 28. Nd7 {[%clk 0:08:33]} Bd4
{[%clk 0:17:35]} 29. Be3 {[%clk 0:04:52]} Bb2 {[%clk 0:14:04]} 30. Bxa7
{[%clk 0:01:58]} Bxa3 {[%clk 0:13:19]} 31. b5 {[%clk 0:02:08]} Rc7
{[%clk 0:07:56]} 32. Ne5 {[%clk 0:02:02]} f6 {[%clk 0:05:48]} 33. Nd3
{[%clk 0:01:16]} Rc3 {[%clk 0:05:17]} 34. Bxd5 {[%clk 0:00:41]} exd5
{[%clk 0:04:42]} 35. Nf4 {[%clk 0:00:53]} Rb3 {[%clk 0:05:03]} 36. Ne6
{[%clk 0:00:48]} Rxb5 {[%clk 0:04:58]} 37. Nd8 {[%clk 0:01:08]} Be7
{[%clk 0:04:40]} 38. Ne6 {[%clk 0:01:20]} Ra5 {[%clk 0:03:22]} 39. Bd4
{[%clk 0:01:26]} Kf7 {[%clk 0:02:16]} 40. Nxg7 {[%clk 0:01:32]} Bc8
{[%clk 0:01:26]} 41. Nh5 {[%clk 0:01:26]} Ra4 {[%clk 0:01:18]} 42. Bb2
{[%clk 0:29:22]} Ra2 {[%clk 0:29:54]} 43. Bd4 {[%clk 0:29:26]} Ra4
{[%clk 0:29:35]} 44. Bb2 {[%clk 0:29:41]} Bg4 {[%clk 0:27:18]} 45. Ng3
{[%clk 0:29:04]} Bc5 {[%clk 0:25:50]} 46. Ra1 {[%clk 0:23:15]} Rf4
{[%clk 0:24:34]} 47. Nh1 {[%clk 0:17:41]} Rb4 {[%clk 0:19:00]} 48. Bc3
{[%clk 0:11:06]} Rb3 {[%clk 0:15:14]} 49. Be1 {[%clk 0:11:04]} d4
{[%clk 0:13:22]} 50. f3 {[%clk 0:11:20]} Be6 {[%clk 0:11:56]} 51. Bf2
{[%clk 0:10:25]} Rc3 {[%clk 0:10:53]} 52. Ng3 {[%clk 0:09:32]} f5
{[%clk 0:09:25]} 53. Ne2 {[%clk 0:09:40]} Rd3 {[%clk 0:09:03]} 54. Rc1
{[%clk 0:08:17]} Ba3 {[%clk 0:07:34]} 55. Rc7+ {[%clk 0:07:55]} Ke8
{[%clk 0:06:31]} 56. Bxd4 {[%clk 0:08:17]} Rd2 {[%clk 0:05:17]} 57. Kf2
{[%clk 0:08:39]} Bd6 {[%clk 0:04:08]} 58. Rc3 {[%clk 0:07:22]} Kd7
{[%clk 0:03:11]} 59. Ke3 {[%clk 0:06:20]} Ra2 {[%clk 0:03:38]} 60. Bc5
{[%clk 0:03:23]}  1/2-1/2

[Event "Prague Open 2022 - A IM Open"]
[Site "Olympik hotel, Prague"]
[Date "2022.01.14"]
[Round "9"]
[Board "22"]
[White "Finn, Peter"]
[Black "Winter, Ondrej"]
[Result "1/2-1/2"]
[WhiteElo "2035"]
[BlackElo "2185"]
[PlyCount "0"]
[EventDate "2022.01.07"]
[EventRounds "9"]
[EventCountry "CZE"]

1. e4 {[%clk 1:30:57]} c5 {[%clk 1:30:55]} 2. Nf3 {[%clk 1:31:22]} Nc6
{[%clk 1:31:22]} 3. d4 {[%clk 1:31:46]} cxd4 {[%clk 1:31:49]} 4. Nxd4
{[%clk 1:32:10]} g6 {[%clk 1:32:18]} 5. c4 {[%clk 1:32:29]} Bg7 {[%clk 1:32:44]}
6. Be3 {[%clk 1:32:53]} Nf6 {[%clk 1:33:11]} 7. Nc3 {[%clk 1:33:16]} d6
{[%clk 1:33:39]} 8. Be2 {[%clk 1:33:39]} O-O {[%clk 1:34:05]} 9. O-O
{[%clk 1:34:00]} Bd7 {[%clk 1:34:33]} 10. Re1 {[%clk 1:34:15]} Nxd4
{[%clk 1:34:55]} 11. Bxd4 {[%clk 1:34:39]} Bc6 {[%clk 1:35:22]} 12. Qc2
{[%clk 1:34:58]} a5 {[%clk 1:35:12]} 13. b3 {[%clk 1:35:22]} Nd7 {[%clk 1:35:32]}
14. Bxg7 {[%clk 1:35:44]} Kxg7 {[%clk 1:35:58]} 15. Rad1 {[%clk 1:36:07]} Qb6
{[%clk 1:35:39]} 16. Nd5 {[%clk 1:36:27]} Bxd5 {[%clk 1:36:03]} 17. exd5
{[%clk 1:36:53]} Nc5 {[%clk 1:35:32]} 18. Bf1 {[%clk 1:32:40]} Rfe8
{[%clk 1:35:12]} 19. Re3 {[%clk 1:31:17]} Rad8 {[%clk 1:29:22]} 20. g3
{[%clk 1:26:42]} e5 {[%clk 1:24:15]} 21. dxe6 {[%clk 1:26:34]} fxe6
{[%clk 1:24:38]} 22. Qc3+ {[%clk 1:21:03]} e5 {[%clk 1:22:20]} 23. a3
{[%clk 1:18:25]} Ne6 {[%clk 1:20:49]} 24. Rd5 {[%clk 1:17:54]} a4
{[%clk 1:14:14]} 25. Rb5 {[%clk 1:16:31]} Qc7 {[%clk 1:12:54]} 26. Bg2
{[%clk 1:14:08]} b6 {[%clk 1:05:43]} 27. Qb4 {[%clk 1:08:53]} axb3
{[%clk 1:00:07]} 28. Rxb6 {[%clk 1:08:53]} Rb8 {[%clk 1:00:11]} 29. Rxb3
{[%clk 1:09:00]} Rxb6 {[%clk 0:57:55]} 30. Qxb6 {[%clk 1:09:24]} Qxc4
{[%clk 0:57:28]} 31. Qb7+ {[%clk 0:51:57]} Nc7 {[%clk 0:57:04]} 32. Rb6
{[%clk 0:50:35]} Re7 {[%clk 0:54:57]} 33. Qc6 {[%clk 0:44:25]} Qxc6
{[%clk 0:50:56]} 34. Bxc6 {[%clk 0:42:09]} d5 {[%clk 0:42:21]} 35. a4
{[%clk 0:39:53]} Re6 {[%clk 0:41:40]} 36. a5 {[%clk 0:39:35]} Kf6
{[%clk 0:42:04]} 37. Bb7 {[%clk 0:37:27]} Ke7 {[%clk 0:41:06]} 38. Kf1
{[%clk 0:33:54]} Kd7 {[%clk 0:38:09]} 39. Rxe6 {[%clk 0:28:21]} Kxe6
{[%clk 0:37:11]} 40. a6 {[%clk 0:28:32]} Nb5 {[%clk 0:37:32]} 41. Ke2
{[%clk 0:27:12]} Kd6 {[%clk 0:36:47]} 42. Kd3 {[%clk 0:23:35]} Kc5
{[%clk 0:37:07]} 43. h4 {[%clk 0:23:07]} h6 {[%clk 0:23:28]} 44. f4
{[%clk 0:15:42]} e4+ {[%clk 0:18:43]} 45. Ke3 {[%clk 0:15:48]} h5
{[%clk 0:17:37]} 46. Bc8 {[%clk 0:12:28]} d4+ {[%clk 0:16:56]} 47. Kd2
{[%clk 0:09:11]} Kb6 {[%clk 0:16:13]} 48. f5 {[%clk 0:24:31]}  1/2-1/2

[Event "Prague Open 2022 - A IM Open"]
[Site "Olympik hotel, Prague"]
[Date "2022.01.14"]
[Round "9"]
[Board "24"]
[White "Sindler, Michal"]
[Black "Yakimenko, Alexander A."]
[Result "1-0"]
[WhiteElo "2148"]
[BlackElo "2055"]
[PlyCount "0"]
[EventDate "2022.01.07"]
[EventRounds "9"]
[EventCountry "CZE"]

1. e4 {[%clk 1:30:56]} e6 {[%clk 1:30:42]} 2. d4 {[%clk 1:31:14]} d5
{[%clk 1:31:06]} 3. Nc3 {[%clk 1:31:35]} Bb4 {[%clk 1:31:23]} 4. e5
{[%clk 1:31:55]} b6 {[%clk 1:31:39]} 5. a3 {[%clk 1:32:13]} Bxc3+
{[%clk 1:31:11]} 6. bxc3 {[%clk 1:32:36]} Ne7 {[%clk 1:31:22]} 7. Qg4
{[%clk 1:31:58]} O-O {[%clk 1:27:35]} 8. Bg5 {[%clk 1:29:53]} Qd7
{[%clk 1:27:27]} 9. Bd3 {[%clk 1:29:44]} Re8 {[%clk 1:11:50]} 10. Nf3
{[%clk 1:18:53]} Ba6 {[%clk 0:53:42]} 11. Bf6 {[%clk 0:47:30]} Ng6
{[%clk 0:51:49]} 12. Bxa6 {[%clk 0:41:16]} Nxa6 {[%clk 0:48:17]} 13. h4
{[%clk 0:39:27]} gxf6 {[%clk 0:36:02]} 14. exf6 {[%clk 0:24:20]} Qd8
{[%clk 0:34:17]} 15. Qg5 {[%clk 0:19:03]} e5 {[%clk 0:20:09]} 16. h5
{[%clk 0:15:53]} exd4+ {[%clk 0:18:33]} 17. Kf1 {[%clk 0:16:06]} h6
{[%clk 0:08:46]} 18. Qxh6 {[%clk 0:15:39]} Qxf6 {[%clk 0:09:14]} 19. hxg6
{[%clk 0:15:11]} fxg6 {[%clk 0:08:36]} 20. Qh7+ {[%clk 0:12:17]} Kf8
{[%clk 0:09:04]} 21. Nh4 {[%clk 0:12:22]} Re6 {[%clk 0:07:21]} 22. Rh3
{[%clk 0:11:38]} Ke8 {[%clk 0:03:43]} 23. Qg8+ {[%clk 0:11:22]} Kd7
{[%clk 0:01:50]} 24. Qxa8 {[%clk 0:11:32]} Qe5 {[%clk 0:01:15]} 25. Nf3
{[%clk 0:10:49]} Qe2+ {[%clk 0:01:01]} 26. Kg1 {[%clk 0:11:12]}  1-0

[Event "Prague Open 2022 - B FIDE Open"]
[Site "Olympik hotel, Prague"]
[Date "2022.01.07"]
[Round "1"]
[Board "1"]
[White "Vacha, Martin"]
[Black "Barbier, Astrid"]
[Result "0-1"]
[WhiteElo "1487"]
[BlackElo "1910"]
[PlyCount "56"]
[EventDate "2022.01.07"]
[EventRounds "9"]
[EventCountry "CZE"]

1. e4 c5 2. Nf3 Nc6 3. d4 cxd4 4. Nxd4 g6 5. Nxc6 bxc6 6. Nc3 Bg7 7. Bd2 Nf6 8.
Bd3 O-O 9. O-O d5 10. exd5 cxd5 11. Re1 Rb8 12. Rb1 Bb7 13. Bf4 Rc8 14. Be5 Qb6
15. b3 a6 16. Qd2 Rfd8 17. Bxf6 Bxf6 18. Nd1 Rd6 19. c3 Qd8 20. f4 Qc7 21. Kh1
Qd7 22. Qf2 d4 23. c4 Qh3 24. Kg1 Qxd3 25. Rc1 Qf5 26. Qg3 Qh5 27. Rf1 d3 28.
f5 d2  0-1

[Event "Prague Open 2022 - B FIDE Open"]
[Site "Olympik hotel, Prague"]
[Date "2022.01.07"]
[Round "1"]
[Board "4"]
[White "Janousek, Roman"]
[Black "Levinsky, Ladislav"]
[Result "1-0"]
[WhiteElo "1817"]
[BlackElo "1454"]
[PlyCount "47"]
[EventDate "2022.01.07"]
[EventRounds "9"]
[EventCountry "CZE"]

1. d4 d5 2. c4 c6 3. Nf3 Nf6 4. Nc3 g6 5. Bf4 Bg7 6. e3 Nh5 7. Bg3 e6 8. Qb3
Qb6 9. c5 Qxb3 10. axb3 Nxg3 11. hxg3 Nd7 12. b4 e5 13. Be2 f6 14. O-O Kf7 15.
b5 g5 16. Ra4 e4 17. Nd2 Nb8 18. Rfa1 a6 19. bxa6 bxa6 20. Rb4 h5 21. Na4 Bg4
22. Rb7+ Kg6 23. Bxg4 hxg4 24. Nb6  1-0

[Event "Prague Open 2022 - B FIDE Open"]
[Site "Olympik hotel, Prague"]
[Date "2022.01.07"]
[Round "1"]
[Board "5"]
[White "Zacek, Petr"]
[Black "Radics, Robert"]
[Result "1/2-1/2"]
[WhiteElo "1452"]
[BlackElo "1800"]
[PlyCount "45"]
[EventDate "2022.01.07"]
[EventRounds "9"]
[EventCountry "CZE"]

1. e4 c6 2. d4 d5 3. Nc3 dxe4 4. Nxe4 Bf5 5. Ng3 Bg6 6. Nf3 Nd7 7. Bd3 Bxd3 8.
Qxd3 Qc7 9. O-O e6 10. Re1 Be7 11. Nh5 g6 12. Ng3 O-O-O 13. c3 Bd6 14. Ng5 Nb6
15. N5e4 Be7 16. Bg5 f6 17. Bd2 e5 18. Ne2 h5 19. Qh3+ Kb8 20. Rad1 Nc4 21. Bc1
Nh6 22. Qe6 Nb6 23. Bxh6  1/2-1/2

[Event "Prague Open 2022 - B FIDE Open"]
[Site "Olympik hotel, Prague"]
[Date "2022.01.07"]
[Round "1"]
[Board "6"]
[White "Svetly, Jiri"]
[Black "Schoeppe, Christian"]
[Result "1-0"]
[WhiteElo "1800"]
[BlackElo "1439"]
[PlyCount "62"]
[EventDate "2022.01.07"]
[EventRounds "9"]
[EventCountry "CZE"]

1. d4 Nf6 2. c4 e5 3. dxe5 Ng4 4. Nf3 Bc5 5. e3 Qe7 6. Nc3 c6 7. Ne4 Nxe5 8.
Nxc5 Nxf3+ 9. Qxf3 Qxc5 10. Bd2 O-O 11. a3 Re8 12. Bb4 Qe5 13. O-O-O Na6 14.
Bd6 Qe6 15. h4 b6 16. b4 Bb7 17. h5 Rac8 18. Rh4 b5 19. g3 Ba8 20. Bh3 c5 21.
Qf4 Qxc4+ 22. Qxc4 bxc4 23. Bxd7 cxb4 24. Bxc8 Rxc8 25. axb4 Bf3 26. Rdd4 Be2
27. Kd2 Bd3 28. Kc3 h6 29. Rd5 Rd8 30. Rhd4 Kh7 31. Ra5 Nb8  1-0